<?xml version="1.0" encoding="UTF-8"?>
<record
    xmlns:xsi="http://www.w3.org/2001/XMLSchema-instance"
    xsi:schemaLocation="http://www.loc.gov/MARC21/slim http://www.loc.gov/standards/marcxml/schema/MARC21slim.xsd"
    xmlns="http://www.loc.gov/MARC21/slim">

  <leader>00907nas a2200217 a 4500</leader>
  <controlfield tag="005">20170403105446.0</controlfield>
  <controlfield tag="008">990210c19979999ck qr p r     0  0a0spa d</controlfield>
  <datafield tag="040" ind1=" " ind2=" ">
    <subfield code="a">hm </subfield>
    <subfield code="c">hm</subfield>
  </datafield>
  <datafield tag="041" ind1="0" ind2=" ">
    <subfield code="a">spa</subfield>
  </datafield>
  <datafield tag="044" ind1=" " ind2=" ">
    <subfield code="a">ck</subfield>
  </datafield>
  <datafield tag="090" ind1=" " ind2=" ">
    <subfield code="a">SE-</subfield>
  </datafield>
  <datafield tag="245" ind1="0" ind2="0">
    <subfield code="a">Amigos del bosque Andino / </subfield>
    <subfield code="c">Jard&#xED;n Bot&#xE1;nico de Bogot&#xE1; Jos&#xE9; Celestino Mutis.</subfield>
  </datafield>
  <datafield tag="260" ind1=" " ind2=" ">
    <subfield code="a">Santa Fe de Bogot&#xE1; : </subfield>
    <subfield code="b">Jard&#xED;n Bot&#xE1;nico Jos&#xE9; Celestino Mutis, </subfield>
    <subfield code="c">1997- .</subfield>
  </datafield>
  <datafield tag="300" ind1=" " ind2=" ">
    <subfield code="b">ilustraciones ; </subfield>
    <subfield code="c">24 x 17 cm.</subfield>
  </datafield>
  <datafield tag="650" ind1="2" ind2="6">
    <subfield code="a">Protecci&#xF3;n ambiental</subfield>
    <subfield code="z">Colombia</subfield>
    <subfield code="v">Publicaciones peri&#xF3;dicas</subfield>
  </datafield>
  <datafield tag="650" ind1="2" ind2="6">
    <subfield code="a">Flora</subfield>
    <subfield code="z">Colombia</subfield>
    <subfield code="v">Publicaciones peri&#xF3;dicas</subfield>
  </datafield>
  <datafield tag="651" ind1=" " ind2=" ">
    <subfield code="a">Colombia</subfield>
    <subfield code="v">Publicaciones peri&#xF3;dicas</subfield>
  </datafield>
  <datafield tag="651" ind1=" " ind2=" ">
    <subfield code="a">Bogot&#xE1; (Colombia)</subfield>
    <subfield code="v">Publicaciones peri&#xF3;dicas</subfield>
  </datafield>
  <datafield tag="710" ind1="2" ind2=" ">
    <subfield code="a">Jard&#xED;n Bot&#xE1;nico de Bogot&#xE1; Jos&#xE9; Celestino Mutis</subfield>
    <subfield code="b">Subdirecci&#xF3;n de Conservaci&#xF3;n</subfield>
    <subfield code="b">Programa Conservaci&#xF3;n de la Biodiversidad</subfield>
  </datafield>
  <datafield tag="942" ind1=" " ind2=" ">
    <subfield code="2">z</subfield>
    <subfield code="c">REVISTA</subfield>
  </datafield>
  <datafield tag="999" ind1=" " ind2=" ">
    <subfield code="c">17265</subfield>
    <subfield code="d">17265</subfield>
  </datafield>
  <datafield tag="952" ind1=" " ind2=" ">
    <subfield code="0">0</subfield>
    <subfield code="1">0</subfield>
    <subfield code="2">z</subfield>
    <subfield code="4">0</subfield>
    <subfield code="7">0</subfield>
    <subfield code="8">HEMEROTECA</subfield>
    <subfield code="A">1997</subfield>
    <subfield code="B">1</subfield>
    <subfield code="C">2</subfield>
    <subfield code="I">INV2017</subfield>
    <subfield code="a">Villa</subfield>
    <subfield code="b">Villa</subfield>
    <subfield code="d">2004-09-14</subfield>
    <subfield code="e">Jard&#xED;n Bot&#xE1;nico de Bogot&#xE1;</subfield>
    <subfield code="h">Vol 1, Nro 2 (01/12/1997)</subfield>
    <subfield code="l">0</subfield>
    <subfield code="o">SE-</subfield>
    <subfield code="p">016659</subfield>
    <subfield code="r">2015-03-25 00:00:00</subfield>
    <subfield code="t">1</subfield>
    <subfield code="w">2015-03-25</subfield>
    <subfield code="x">Donacion</subfield>
    <subfield code="y">REVISTA</subfield>
  </datafield>
</record>
